[Event "Lippe Cup-B 07th"]
[Site "Lieme"]
[Date "2010.10.17"]
[Round "4"]
[White "Berenhardt, Maria"]
[Black "Jeremias, Damaim Luis"]
[Result "0-1"]
[WhiteElo "1148"]
[BlackElo "1429"]
[PlyCount "58"]
[EventDate "2010.10.15"]
[EventType "swiss"]
[EventRounds "5"]
[EventCountry "GER"]
[SourceTitle "EXT 2012"]
[Source "ChessBase"]
[SourceDate "2011.11.24"]
[SourceVersion "1"]
[SourceVersionDate "2011.11.24"]
[SourceQuality "1"]

1. e4 c6 2. d4 d5 3. Nc3 dxe4 4. Nxe4 Nd7 5. Nf3 Ngf6 6. Nxf6+ Nxf6 7. h3 h6 8. Bc4 b5 9. Bb3 a5 10. a4 e6 11. 0-0 Bd6 12. Qd3 Ba6 13. c4 b4 14. Bc2 Qc7 15. Rd1 Rd8 16. b3 0-0 17. Qe3 Rfe8 18. Ne5 Bf8 19. Bb2 Bb7 20. g4 Nh7 21. Bxh7+ Kxh7 22. Rab1 f6 23. Qe4+ Kg8 24. Ng6 c5 25. Qe3 Qc6 26. d5 exd5 27. cxd5 Rxd5 28. Qf3 Rxd1+ 29. Qxd1 Qg2# 0-1

[Event "Lippe Cup 04th"]
[Site "Lieme"]
[Date "2007.09.28"]
[Round "1"]
[White "Eichenhofer, Karsten"]
[Black "Jeremias, Damaim Luis"]
[Result "1-0"]
[WhiteElo "1655"]
[BlackElo "1415"]
[PlyCount "51"]
[EventDate "2007.09.28"]
[EventType "swiss"]
[EventRounds "5"]
[EventCountry "GER"]
[SourceTitle "EXT 2012"]
[Source "ChessBase"]
[SourceDate "2011.11.24"]
[SourceVersion "1"]
[SourceVersionDate "2011.11.24"]
[SourceQuality "1"]

1. d4 d5 2. Nf3 e6 3. e3 Nf6 4. Bd3 c5 5. b3 Be7 6. Bb2 0-0 7. Nbd2 Nbd7 8. 0-0 a6 9. a4 b6 10. Qe2 Bb7 11. Ne5 Re8 12. f4 Bf8 13. g4 g6 14. Ndf3 Ne4 15. Nxd7 Qxd7 16. Ne5 Qe7 17. f5 exf5 18. gxf5 Qg5+ 19. Kh1 Qh6 20. Bxe4 dxe4 21. fxg6 fxg6 22. Qc4+ Kg7 23. dxc5 Qxh2+ 24. Kxh2 Kh6 25. Nf7+ Kh5 26. Qe2+ 1-0